| 000 | 01449nam a22003614i 4500 | ||
|---|---|---|---|
| 999 |
_c64259 _d64259 |
||
| 001 | 54693401 | ||
| 003 | CO-MdFUSB | ||
| 005 | 20180322064208.0 | ||
| 008 | 040301t20041994paua g b 001 0 eng | ||
| 010 | _a2004004967 | ||
| 020 | _a1932031677 (pbk. : alk. paper) | ||
| 040 |
_aDLC _cCO-MdFUSB _dCO-MdFUSB _bspa _erda |
||
| 041 | _aeng | ||
| 082 |
_224 _aG 215.3 _bF352f |
||
| 100 | 1 |
_aFerguson, Kitty. _eautor |
|
| 242 | 1 | 3 |
_aEl fuego en las ecuaciones _b: ciencia, religión y la búsqueda de Dios _lInglés |
| 245 | 1 | 4 |
_aThe fire in the equations _b: science, religion, and the search for God _c/ Kitty Ferguson. |
| 250 | _aPbk. ed. | ||
| 264 | 1 |
_aPhiladelphia : _bTempleton Foundation Press, _c℗2004. |
|
| 264 | 4 | _c©1994 | |
| 300 |
_axiii, 308 páginas, 8 páginas de placas : _bilustraciones ; _c23 cm. |
||
| 336 |
_2rdacontent _atexto _btxt |
||
| 337 |
_2rdamedia _asin mediación _bn |
||
| 338 |
_2rdacarrier _avolumen _bnc |
||
| 500 | _aOriginally published: London : Bantam Press, 1994. | ||
| 501 | _aIncluye índice (p. 301- 308) | ||
| 504 | _aBibliografía (p. 293- 300) | ||
| 505 | 0 | _aLo sepultaron en la Abadía de Westminster '-- Ver cosas -- Casi objetivo -- Exagerando la creación -- La mente elusiva de Dios -- El Dios de Abraham y Jesús -- Evidencia inadmisible -- Teoría de todo ... mente de Dios . | |
| 563 | _aRústica | ||
| 650 | 7 |
_aReligión y ciencia _9259 |
|
| 942 | _cBK | ||